000 00328nam a2200097Ia 4500
008 220120s9999||||xx |||||||||||||| ||und||
100 _aRajath V.S and others
_912618
245 0 _aGoogle cloude massaging security system for object motion de
260 _aCoorg Institute of Technology
_bPonnampet
_c2016
650 _aCOMPUTER SCIENCE
999 _c138216
_d138216